000
00305nam a2200133Ia 4500
005
20251222144624.0
008
251222s9999||||xx |||||||||||||| ||spa||
020
_a
88-16-40536-8
082
_a
233.21/S31
100
_a
Scola, Angelo
245
0
_a
La Persona Humana:
264
_b
Jaca Book
942
_c
LIB
999
_c
16070
_d
16070